000 00589nam a2200205Ia 4500
001 16081
003 IVS
005 20250626030616.0
008 211022s9999 xx 000 0 und d
040 _cIVS
082 _a741.6 ROH
100 _aRohail Safdar Ibrahim
245 0 _aHow Sensationalism Exists in Our News Media and What Effects Does it Have on The Society
260 _aKarachi
260 _bIndus Valley School
260 _c2014
300 _a117
856 _uhttps://drive.google.com/file/d/1b0ZIl4_cephnXLcC_qSDm8gqMmRCUPyM/view?usp=sharing
942 _cDISS
_2ddc
_n0
999 _c11913
_d11913